<?xml version="1.0" encoding="UTF-8"?>
<record
    xmlns:xsi="http://www.w3.org/2001/XMLSchema-instance"
    xsi:schemaLocation="http://www.loc.gov/MARC21/slim http://www.loc.gov/standards/marcxml/schema/MARC21slim.xsd"
    xmlns="http://www.loc.gov/MARC21/slim">

  <leader>00991nam a22002297a 4500</leader>
  <controlfield tag="005">20170124103154.0</controlfield>
  <datafield tag="010" ind1=" " ind2=" ">
    <subfield code="a">B-075849</subfield>
  </datafield>
  <datafield tag="020" ind1=" " ind2=" ">
    <subfield code="c">150.00</subfield>
    <subfield code="a">8188189022</subfield>
  </datafield>
  <datafield tag="035" ind1=" " ind2=" ">
    <subfield code="a">B-075849</subfield>
  </datafield>
  <datafield tag="037" ind1=" " ind2=" ">
    <subfield code="b">Cen Lib/Ret</subfield>
  </datafield>
  <datafield tag="040" ind1=" " ind2=" ">
    <subfield code="a">DPL</subfield>
    <subfield code="b">HN</subfield>
  </datafield>
  <datafield tag="082" ind1=" " ind2=" ">
    <subfield code="a">080</subfield>
    <subfield code="b">&#x921;&#x94B;&#x92D;&#x93E;&#x932; </subfield>
  </datafield>
  <datafield tag="100" ind1=" " ind2=" ">
    <subfield code="a">&#x921;&#x94B;&#x92D;&#x93E;&#x932;, &#x92C;&#x932;&#x94D;&#x932;&#x92D; </subfield>
    <subfield code="9">89237</subfield>
  </datafield>
  <datafield tag="245" ind1=" " ind2=" ">
    <subfield code="a">&#x915;&#x948;&#x938;&#x947; &#x915;&#x948;&#x938;&#x947; &#x932;&#x94B;&#x917; : </subfield>
    <subfield code="c">&#x92C;&#x932;&#x94D;&#x932;&#x92D; &#x921;&#x94B;&#x92D;&#x93E;&#x932; </subfield>
    <subfield code="b">&#x938;&#x902;&#x938;&#x94D;&#x92E;&#x930;&#x923; /</subfield>
  </datafield>
  <datafield tag="246" ind1=" " ind2=" ">
    <subfield code="a">Kaise kaise log : sasmaran /</subfield>
    <subfield code="b">by Balabha Dobhal</subfield>
  </datafield>
  <datafield tag="260" ind1=" " ind2=" ">
    <subfield code="a">&#x926;&#x93F;&#x932;&#x94D;&#x932;&#x940; </subfield>
    <subfield code="b">&#x92E;&#x928;&#x940;&#x937;&#x93E; &#x92A;&#x94D;&#x930;&#x915;&#x93E;&#x936;&#x928; </subfield>
  </datafield>
  <datafield tag="270" ind1=" " ind2=" ">
    <subfield code="b">&#x926;&#x93F;&#x932;&#x94D;&#x932;&#x940; </subfield>
    <subfield code="a">&#x96B;&#x96D;&#x92C;&#x940;, &#x92A;&#x949;&#x915;&#x947;&#x91F; &#x90F;, &#x92B;&#x947;&#x938;-2 &#x905;&#x936;&#x94B;&#x915; &#x935;&#x93F;&#x939;&#x93E;&#x930; </subfield>
    <subfield code="e">110052</subfield>
  </datafield>
  <datafield tag="300" ind1=" " ind2=" ">
    <subfield code="a">132&#x92A;&#x943;. </subfield>
    <subfield code="c">20&#x938;&#x947;&#x92E;&#x940;(&#x938;&#x91C;&#x93F;&#x932;&#x94D;&#x926;)</subfield>
  </datafield>
  <datafield tag="650" ind1=" " ind2=" ">
    <subfield code="a">&#x1E0C;obh&#x101;la, Ballabha, - 1930 -.... - &#x906;&#x924;&#x94D;&#x92E;&#x915;&#x925;&#x93E;&#x90F;&#x901;&#x964;</subfield>
    <subfield code="9">89238</subfield>
  </datafield>
  <datafield tag="650" ind1=" " ind2=" ">
    <subfield code="a">&#x1E0C;obh&#x101;la, Ballabha, -- 1930-.... -- Biographies.</subfield>
    <subfield code="9">89239</subfield>
  </datafield>
  <datafield tag="942" ind1=" " ind2=" ">
    <subfield code="2">ddc</subfield>
    <subfield code="c">HN</subfield>
    <subfield code="h">080</subfield>
    <subfield code="m">&#x921;&#x94B;&#x92D;&#x93E;&#x932; </subfield>
  </datafield>
  <datafield tag="999" ind1=" " ind2=" ">
    <subfield code="c">120225</subfield>
    <subfield code="d">120225</subfield>
  </datafield>
  <datafield tag="952" ind1=" " ind2=" ">
    <subfield code="0">0</subfield>
    <subfield code="1">0</subfield>
    <subfield code="4">0</subfield>
    <subfield code="7">0</subfield>
    <subfield code="a">L</subfield>
    <subfield code="b">L</subfield>
    <subfield code="d">2015-09-21</subfield>
    <subfield code="e">Cen Lib/Ref</subfield>
    <subfield code="g">150.00</subfield>
    <subfield code="l">6</subfield>
    <subfield code="o">080 &#x921;&#x94B;&#x92D;&#x93E;&#x932;</subfield>
    <subfield code="p">B-075849</subfield>
    <subfield code="r">2020-10-16 00:00:00</subfield>
    <subfield code="s">2020-10-03</subfield>
    <subfield code="t">1</subfield>
    <subfield code="v">150.00</subfield>
    <subfield code="w">2015-09-21</subfield>
    <subfield code="y">HN</subfield>
  </datafield>
</record>
